000 00699cam a2200253 4500
008 000000n2000 000 0 eng u
020 _a0793131170
035 _a(Sirsi) u104258
050 _a333.330973
100 _aKyle, Robert C.
245 _aProperty management.
250 _a6th ed.
260 _aChicago, Il.
_bReal Estate Education Company
_c2000
300 _axi,480p. ; 28cm.
350 _a30.00
520 _aBased on American practice.
650 _aPROPERTY-COMMERCIAL PROPERTY
650 _aUNITED STATES
650 _aRESIDENTIAL PROPERTY
_96266
690 _aProperty management
_96262
700 _aBaird, Floyd M.
700 _aSpodek, Marie S.
942 _n0
999 _c100228
_d100228